000 00663cab a2200229 4500
001 WB3324-34
008 090401t1997 xxu||||| |||| 00| 0 eng d
035 _a(Sirsi) u79074
041 _aeng
245 _aDrivers to pay for congestion
260 _c1997
350 _a0
490 _aIndependent
_v18 June 1997, 14(1)
520 _aGovernment is to produce a consultation paper on road pricing for motorists in order to tackle pollution and congestion.
650 _aAIR POLLUTION
650 _aROAD PRICING
650 _aROAD TOLLS
650 _aTRAFFIC CONGESTION
690 _aTRANSPORT AND COMMUNICATIONS
942 _n0
948 _c19/06/1997
999 _c49689
_d49689